| 000 | 00520ntaaa2200193 4500 | ||
|---|---|---|---|
| 003 | 01 | ||
| 005 | 20251027202035.0 | ||
| 008 | 0714s1973 ag 01 | ||
| 040 |
_aAR-BaBN _bspa _cAR-BaBN _eaacr _dRIC |
||
| 082 | _a251.0000 H31 | ||
| 100 |
_aHawkins, Tomás _919034 |
||
| 245 | _aHomilética práctica | ||
| 250 | _a1 ed. | ||
| 260 |
_aBuenos Aires : _bJunta Bautista de Publicaciones, _cc1956 |
||
| 300 | _a94 p | ||
| 500 | _aAyuda para preparación de mensajes bíblicos | ||
| 650 |
_ahomilética _91351 |
||
| 942 | _cBK | ||
| 999 |
_c15216 _d15216 |
||